[Event "Sochi Pearl Rapid op"]
[Site "Sochi"]
[Date "2023.10.09"]
[Round "1"]
[White "Gazarian, Arsen"]
[Black "Lintchevski, Daniil"]
[Result "0-1"]
[WhiteElo "2134"]
[BlackElo "2542"]
[PlyCount "118"]
[EventDate "2023.10.09"]
[EventType "swiss (rapid)"]
[EventRounds "11"]
[EventCountry "RUS"]
[SourceTitle "Mega2024 Update 01"]
[Source "Chessbase"]
[SourceDate "2023.11.12"]
[SourceVersion "1"]
[SourceVersionDate "2023.11.12"]
[SourceQuality "1"]

1. c4 e5 2. Nc3 Bb4 3. e3 Bxc3 4. bxc3 d6 5. d4 Nf6 6. Nf3 e4 7. Nd2 0-0 8. Be2 Re8 9. a4 a5 10. g4 b6 11. Nf1 Nfd7 12. h4 Nf8 13. Ng3 Nc6 14. Ba3 Bb7 15. c5 dxc5 16. dxc5 Ne5 17. Qxd8 Raxd8 18. cxb6 cxb6 19. Rb1 Nfd7 20. Nf5 Ba8 21. 0-0 g6 22. Nd4 Nc5 23. Rxb6 Nxa4 24. Rb3 Bd5 25. c4 Nxc4 26. Bxc4 Bxc4 27. Rb7 Bxf1 28. Kxf1 Rc8 29. Ra7 Nb6 30. Rxa5 Ra8 31. Rxa8 Rxa8 32. Bd6 f6 33. Kg2 Kf7 34. Kg3 Nd5 35. Bc5 Ra5 36. Bd6 Ra1 37. Kg2 Ra2 38. Kg3 Nc3 39. Bb4 Ne2+ 40. Nxe2 Rxe2 41. Bc5 Ke6 42. Bd4 f5 43. g5 Kd5 44. Ba7 Ra2 45. Bb6 Ra1 46. Kg2 Kc4 47. Bd4 Rb1 48. Be5 Kd3 49. Bd6 Ke2 50. Be5 Rd1 51. Bb8 Rc1 52. Bf4 Rc2 53. Bg3 Ke1 54. Kg1 Ra2 55. Kg2 f4 56. Bxf4 Rxf2+ 57. Kg3 Ke2 58. Kg4 Rg2+ 59. Kh3 Kf3 0-1

[Event "Novorossiysk Small Land Rapid op"]
[Site "Novorossiysk"]
[Date "2023.07.28"]
[Round "11"]
[White "Porozhniak, Maya"]
[Black "Gazarian, Arsen"]
[Result "1-0"]
[WhiteElo "1881"]
[BlackElo "2134"]
[PlyCount "137"]
[EventDate "2023.07.26"]
[EventType "swiss (rapid)"]
[EventRounds "11"]
[EventCountry "RUS"]
[SourceTitle "CBM 215 Extra"]
[Source "ChessBase"]
[SourceDate "2023.09.30"]
[SourceVersion "1"]
[SourceVersionDate "2023.09.30"]
[SourceQuality "1"]

1. e4 c5 2. Nf3 Nc6 3. d4 cxd4 4. c3 d3 5. Bxd3 d6 6. h3 Nf6 7. 0-0 e5 8. Re1 Be7 9. Na3 0-0 10. c4 Be6 11. b3 Nd7 12. Nb5 Nc5 13. Bc2 a6 14. Nc3 a5 15. Qe2 Nd4 16. Nxd4 exd4 17. Nb5 Bf6 18. Bb2 d3 19. Bxf6 Qxf6 20. Bxd3 Qh4 21. Rad1 Rfd8 22. Bc2 Qf4 23. Rd2 a4 24. Red1 axb3 25. axb3 g5 26. e5 g4 27. hxg4 Bxg4 28. f3 Bh5 29. Rd4 Qg3 30. exd6 Ne6 31. R4d2 Ng5 32. Kf1 Qh2 33. Qf2 Ra6 34. Qg1 Qg3 35. Qf2 Qh2 36. Bb1 Rc6 37. Rd4 Ne6 38. Rh4 Qe5 39. Re1 Qg5 40. Ree4 Bg6 41. Rhg4 Qh6 42. Re1 Ra6 43. Bxg6 hxg6 44. Kg1 b6 45. Qc2 Nf8 46. Rge4 Raa8 47. Qf2 Rab8 48. Qd4 Ne6 49. Qf2 Ra8 50. Qxb6 Rdb8 51. Qf2 Ra5 52. Rh4 Qg7 53. Qd2 Rba8 54. Nc7 Ra2 55. Qe3 Qb2 56. Rh2 Nxc7 57. dxc7 Ra1 58. g4 Rxe1+ 59. Qxe1 Qd4+ 60. Qf2 Qf4 61. c8Q+ Rxc8 62. Qh4 Qc1+ 63. Kg2 Qd2+ 64. Kg3 Qd6+ 65. Kg2 Qd2+ 66. Qf2 Qc3 67. Qh4 Qd2+ 68. Kh3 Rd8 69. Rxd2 1-0

[Event "Novorossiysk Small Land Rapid op"]
[Site "Novorossiysk"]
[Date "2023.07.27"]
[Round "4"]
[White "Gazarian, Arsen"]
[Black "Khripachenko, Alexander"]
[Result "0-1"]
[WhiteElo "2134"]
[BlackElo "2252"]
[PlyCount "82"]
[EventDate "2023.07.26"]
[EventType "swiss (rapid)"]
[EventRounds "11"]
[EventCountry "RUS"]
[SourceTitle "CBM 215 Extra"]
[Source "ChessBase"]
[SourceDate "2023.09.30"]
[SourceVersion "1"]
[SourceVersionDate "2023.09.30"]
[SourceQuality "1"]

1. e4 c5 2. Nf3 e6 3. Nc3 Nc6 4. Bb5 Qc7 5. 0-0 Nf6 6. Bxc6 Qxc6 7. Re1 Be7 8. d4 d6 9. d5 Qb6 10. a4 0-0 11. a5 Qc7 12. Bg5 h6 13. Bh4 e5 14. Nd2 Bd7 15. Qf3 b5 16. axb6 axb6 17. Nc4 b5 18. Bxf6 Bxf6 19. Ne3 b4 20. Ne2 c4 21. Nf5 Bg5 22. h4 Bd2 23. Red1 c3 24. bxc3 bxc3 25. Qg4 g6 26. Qg3 Qc4 27. Ne7+ Kg7 28. Rxa8 Rxa8 29. Nc1 Qxe4 30. Nd3 Bf4 31. Nxf4 exf4 32. Qxc3+ f6 33. Re1 Qa4 34. Nf5+ gxf5 35. Re7+ Kg8 36. Qxf6 Qa1+ 37. Qxa1 Rxa1+ 38. Kh2 Ba4 39. Re6 Bxc2 40. Rxd6 Kg7 41. Rd7+ Kg6 0-1

[Event "Pyatigorsk Stavropol op"]
[Site "Pyatigorsk"]
[Date "2012.09.21"]
[Round "3"]
[White "Goncharova, Oksana"]
[Black "Gazarian, Arsen"]
[Result "0-1"]
[WhiteElo "1941"]
[BlackElo "2157"]
[PlyCount "74"]
[EventDate "2012.09.19"]
[EventType "swiss"]
[EventRounds "9"]
[EventCountry "RUS"]
[SourceTitle "EXT 2013"]
[Source "ChessBase"]
[SourceDate "2012.11.22"]
[SourceVersion "1"]
[SourceVersionDate "2012.11.22"]
[SourceQuality "1"]

1. d4 Nf6 2. c4 c5 3. Bf4 cxd4 4. Bxb8 Rxb8 5. Qxd4 Qa5+ 6. Qc3 Qb6 7. Nd2 e6 8. a3 d5 9. e3 Qc7 10. Rc1 Be7 11. cxd5 Qxc3 12. Rxc3 Nxd5 13. Bb5+ Kf8 14. Rc2 a6 15. Bd3 b5 16. e4 Nf4 17. Bf1 e5 18. Ngf3 f6 19. g3 Ne6 20. Bh3 Kf7 21. Ke2 b4 22. axb4 Rxb4 23. Rhc1 Bb7 24. Bxe6+ Kxe6 25. Ke3 Rd8 26. b3 a5 27. Rc4 Rb6 28. Ne1 Bb4 29. Nef3 Rbd6 30. R1c2 Rd3+ 31. Ke2 R8d6 32. Rc7 Ba6 33. Nc4 Rxb3 34. Nfd2 Rbd3 35. Nxd6 Rxd2+ 36. Ke3 Rxc2 37. Rxc2 Kxd6 0-1

[Event "Voronezh op-B 13th"]
[Site "Voronezh"]
[Date "2009.06.19"]
[Round "8"]
[White "Gazarian, Arsen"]
[Black "Demikhov, Vladislav"]
[Result "1-0"]
[WhiteElo "2063"]
[BlackElo "2141"]
[PlyCount "69"]
[EventDate "2009.06.12"]
[EventType "swiss"]
[EventRounds "9"]
[EventCountry "RUS"]
[SourceTitle "CBM 130 Extra"]
[Source "ChessBase"]
[SourceDate "2009.07.02"]
[SourceVersion "2"]
[SourceVersionDate "2009.07.15"]
[SourceQuality "1"]

1. e4 d6 2. d4 Nf6 3. Nc3 g6 4. f3 c6 5. a4 a5 6. Be3 Na6 7. Qd2 Nb4 8. 0-0-0 h5 9. h4 Bg7 10. Nh3 d5 11. e5 Ng8 12. Nf4 Bf5 13. Bd3 Bxd3 14. Nxd3 e6 15. Nf4 Nh6 16. g4 hxg4 17. h5 g5 18. Nxe6 fxe6 19. Bxg5 Qb6 20. fxg4 Kd7 21. Bxh6 Bxh6 22. g5 Raf8 23. gxh6 Rf3 24. Kb1 c5 25. Nb5 cxd4 26. Rhf1 Rxf1 27. Rxf1 Kc8 28. Nxd4 Qc7 29. Nxe6 Qc4 30. Qc3 Qxc3 31. bxc3 Nc6 32. Rf8+ Rxf8 33. Nxf8 Nxe5 34. h7 Nf7 35. Ng6 1-0

[Event "RUS-ch U16"]
[Site "Dagomys"]
[Date "2009.04.23"]
[Round "9"]
[White "Bublei, Pavel"]
[Black "Gazarian, Arsen"]
[Result "1/2-1/2"]
[WhiteElo "2207"]
[BlackElo "2063"]
[PlyCount "89"]
[EventDate "2009.04.15"]
[EventType "swiss"]
[EventRounds "9"]
[EventCountry "RUS"]
[SourceTitle "CBM 130 Extra"]
[Source "ChessBase"]
[SourceDate "2009.07.02"]
[SourceVersion "2"]
[SourceVersionDate "2009.07.15"]
[SourceQuality "1"]

1. d4 Nf6 2. c4 c5 3. d5 e5 4. Nc3 d6 5. e4 Be7 6. h3 a6 7. Bd3 0-0 8. Nge2 Ne8 9. 0-0 Bg5 10. a3 Nd7 11. b4 g6 12. Qc2 b6 13. Nd1 Bxc1 14. Rxc1 cxb4 15. axb4 a5 16. Qb2 axb4 17. Qxb4 Nc5 18. Bc2 Nf6 19. Ndc3 Nh5 20. Na4 Qh4 21. Nxc5 bxc5 22. Qc3 f5 23. exf5 Bxf5 24. Bxf5 Rxf5 25. Qe3 Raf8 26. Nc3 Nf4 27. Ne2 Nh5 28. Nc3 Nf4 29. Ne2 Nxe2+ 30. Qxe2 Qd4 31. Rc2 Rf4 32. Qe1 e4 33. Rc1 h5 34. Qe2 Kg7 35. Rb1 R8f6 36. Rb7+ Kh6 37. Rbb1 g5 38. Rb3 e3 39. Rxe3 Qxc4 40. Qxc4 Rxc4 41. Rfe1 Kg6 42. Re6 Rcf4 43. f3 c4 44. Kf2 c3 45. R6e3 1/2-1/2